000 00614nam a2200253Ia 4500
003 OSt
005 20221005132851.0
006 a|||||r|||| 00| 0
007 ta
008 221004b |||||||| |||| 00| 0 tam d
020 _c3.50
024 _a49493
037 _cTextual
040 _aCRL
_cCRL
_btam
041 _2tam
_atam
082 _aO31,3N13,3, K7
100 _aVenkatalakshmi Au.
_9229590
245 0 _aVanavil
260 _c1967
300 _a204p.
_ccm.
650 _aTAMIL FICTION
942 _hO31,3N13,3, K7
_cTEXL
_2cc
999 _c1065061
_d1065061